Populous Country Danger Zone Quiz Stats

Quiz Updated Apr 14, 2016

Challenge
Share
Tweet
Embed
Score 0/25 Timer 05:00
12 Plays Today
% Correct
???
73.6%
???
68.1%
???
65.2%
???
60.2%
???
52.7%
???
52.5%
???
51.6%
???
48.3%
???
48.1%
???
47.5%
???
45.7%
???
38.1%
???
35.3%
% Correct
???
34.3%
???
32%
???
31.9%
???
30.8%
???
28.5%
???
28.1%
???
27%
???
25.8%
???
25.6%
???
23.9%
???
15.6%
???
11.1%

You're not logged in!

Compare scores with friends on all Sporcle quizzes.
Sign Up with Email
OR
Log In

Show Comments

Extras

Top Quizzes Today


Score Distribution

Your Account Isn't Verified!

In order to create a playlist on Sporcle, you need to verify the email address you used during registration. Go to your Sporcle Settings to finish the process.